Bytový dom

Enregistré dans:
Détails bibliographiques
Auteur principal: Bajnovič, Patrik (Auteur)
Autres auteurs: Minarovičová, Katarína (Directeur de thèse)
Format: Manuscrit Livre
Langue:slovaque
Publié: 2024
Sujets:
Accès en ligne:http://is.stuba.sk/zp/portal_zp.pl?podrobnosti=161813
https://opac.crzp.sk/?fn=detailBiblioForm&sid=E866CA411CD4E51491BF8669BB2C
Tags: Ajouter un tag
Pas de tags, Soyez le premier à ajouter un tag!

MARC

LEADER 00000ntm a22000003a 4500
001 stuzp98828
003 SK-STU
005 20240909100653.4
007 ta
008 150427s2015----xo-----f-mn---000-0-slo-d
040 |a STU  |b slo 
041 0 |a slo 
100 1 |a Bajnovič, Patrik  |u 010180  |4 aut  |U SvF Stavebná fakulta  |T SvF Katedra konštrukcií pozemných stavieb  |X 110081  |U V180  |Y 18  |7 110081 
242 0 1 |a Residential building  |y eng 
245 1 0 |a Bytový dom 
260 |c 2024 
650 4 |a Bytový dom  |2 slo 
650 4 |a železobetón  |2 slo 
650 4 |a polyfunkcia  |2 slo 
650 4 |a Etics  |2 slo 
650 4 |a Plochá strecha  |2 slo 
650 4 |a Podzemná garáž  |2 slo 
650 4 |a Reinforced concrete  |2 eng 
650 4 |a Multifunction  |2 eng 
650 4 |a Underground garage  |2 eng 
650 4 |a Etics  |2 eng 
650 4 |a Object  |2 eng 
650 4 |a Apartment building  |2 eng 
700 1 |a Minarovičová, Katarína  |u 010180  |k Z1  |4 ths  |U SvF Stavebná fakulta  |T SvF Katedra konštrukcií pozemných stavieb  |X 773  |U V180  |Y 18  |7 A000000773 
856 4 |u http://is.stuba.sk/zp/portal_zp.pl?podrobnosti=161813 
856 4 |u https://opac.crzp.sk/?fn=detailBiblioForm&sid=E866CA411CD4E51491BF8669BB2C